<?xml version="1.0" encoding="UTF-8"?><marc:collection xmlns:marc="http://www.loc.gov/MARC21/slim">
  <marc:record>
    <marc:leader>03039cam a2200697   4500</marc:leader>
    <marc:controlfield tag="001">gbv_244161844</marc:controlfield>
    <marc:controlfield tag="003">DE-602</marc:controlfield>
    <marc:controlfield tag="005">20220902182143.0</marc:controlfield>
    <marc:controlfield tag="007">tu</marc:controlfield>
    <marc:controlfield tag="008">980527s1998    gw |||||      00| ||ger c</marc:controlfield>
    <marc:datafield tag="015" ind1=" " ind2=" ">
      <marc:subfield code="a">98,N23,0074</marc:subfield>
      <marc:subfield code="2">dnb</marc:subfield>
    </marc:datafield>
    <marc:datafield tag="015" ind1=" " ind2=" ">
      <marc:subfield code="a">98,B41,0032</marc:subfield>
      <marc:subfield code="2">dnb</marc:subfield>
    </marc:datafield>
    <marc:datafield tag="016" ind1="7" ind2=" ">
      <marc:subfield code="a">953673278</marc:subfield>
      <marc:subfield code="2">DE-101</marc:subfield>
    </marc:datafield>
    <marc:datafield tag="020" ind1=" " ind2=" ">
      <marc:subfield code="a">3933191025</marc:subfield>
      <marc:subfield code="c">(kostenlos)</marc:subfield>
      <marc:subfield code="9">3-933191-02-5</marc:subfield>
    </marc:datafield>
    <marc:datafield tag="035" ind1=" " ind2=" ">
      <marc:subfield code="a">(DE-627)244161844</marc:subfield>
    </marc:datafield>
    <marc:datafield tag="035" ind1=" " ind2=" ">
      <marc:subfield code="a">(DE-599)DNB953673278</marc:subfield>
    </marc:datafield>
    <marc:datafield tag="035" ind1=" " ind2=" ">
      <marc:subfield code="a">(OCoLC)75826653</marc:subfield>
    </marc:datafield>
    <marc:datafield tag="040" ind1=" " ind2=" ">
      <marc:subfield code="a">DE-627</marc:subfield>
      <marc:subfield code="b">ger</marc:subfield>
      <marc:subfield code="c">DE-627</marc:subfield>
      <marc:subfield code="e">rakwb</marc:subfield>
    </marc:datafield>
    <marc:datafield tag="041" ind1=" " ind2=" ">
      <marc:subfield code="a">ger</marc:subfield>
    </marc:datafield>
    <marc:datafield tag="044" ind1=" " ind2=" ">
      <marc:subfield code="c">XA-DE</marc:subfield>
    </marc:datafield>
    <marc:datafield tag="049" ind1=" " ind2=" ">
      <marc:subfield code="a">DE-1;gbv_244161844</marc:subfield>
    </marc:datafield>
    <marc:datafield tag="049" ind1=" " ind2=" ">
      <marc:subfield code="a">DE-1;gbv_244161844</marc:subfield>
    </marc:datafield>
    <marc:datafield tag="049" ind1=" " ind2=" ">
      <marc:subfield code="a">DE-517;gbv_244161844</marc:subfield>
    </marc:datafield>
    <marc:datafield tag="049" ind1=" " ind2=" ">
      <marc:subfield code="a">DE-517;gbv_244161844</marc:subfield>
    </marc:datafield>
    <marc:datafield tag="060" ind1=" " ind2="0">
      <marc:subfield code="a">BF 575.S45</marc:subfield>
    </marc:datafield>
    <marc:datafield tag="084" ind1=" " ind2=" ">
      <marc:subfield code="a">11</marc:subfield>
      <marc:subfield code="2">sdnb</marc:subfield>
    </marc:datafield>
    <marc:datafield tag="084" ind1=" " ind2=" ">
      <marc:subfield code="a">77.55</marc:subfield>
      <marc:subfield code="2">bkl</marc:subfield>
    </marc:datafield>
    <marc:datafield tag="084" ind1=" " ind2=" ">
      <marc:subfield code="a">80.47</marc:subfield>
      <marc:subfield code="2">bkl</marc:subfield>
    </marc:datafield>
    <marc:datafield tag="084" ind1=" " ind2=" ">
      <marc:subfield code="a">80.02</marc:subfield>
      <marc:subfield code="2">bkl</marc:subfield>
    </marc:datafield>
    <marc:datafield tag="084" ind1=" " ind2=" ">
      <marc:subfield code="a">71.25</marc:subfield>
      <marc:subfield code="2">bkl</marc:subfield>
    </marc:datafield>
    <marc:datafield tag="100" ind1="1" ind2=" ">
      <marc:subfield code="a">Schuhrke, Bettina</marc:subfield>
      <marc:subfield code="d">1957-</marc:subfield>
      <marc:subfield code="0">(DE-588)120439212</marc:subfield>
      <marc:subfield code="0">(DE-627)080674526</marc:subfield>
      <marc:subfield code="0">(DE-576)292218451</marc:subfield>
      <marc:subfield code="4">aut</marc:subfield>
    </marc:datafield>
    <marc:datafield tag="245" ind1="1" ind2="0">
      <marc:subfield code="a">Kindliche Körperscham und familiale Schamregeln</marc:subfield>
      <marc:subfield code="b">eine Studie im Auftrag der BZgA</marc:subfield>
      <marc:subfield code="c">von Bettina Schuhrke. Unter Mitarb. von Alexandra Rank ...</marc:subfield>
    </marc:datafield>
    <marc:datafield tag="264" ind1=" " ind2="1">
      <marc:subfield code="a">Köln</marc:subfield>
      <marc:subfield code="b">Bundeszentrale für Gesundheitliche Aufklärung</marc:subfield>
      <marc:subfield code="c">1998</marc:subfield>
    </marc:datafield>
    <marc:datafield tag="300" ind1=" " ind2=" ">
      <marc:subfield code="a">100 S</marc:subfield>
      <marc:subfield code="b">graph. Darst</marc:subfield>
    </marc:datafield>
    <marc:datafield tag="336" ind1=" " ind2=" ">
      <marc:subfield code="a">Text</marc:subfield>
      <marc:subfield code="b">txt</marc:subfield>
      <marc:subfield code="2">rdacontent</marc:subfield>
    </marc:datafield>
    <marc:datafield tag="337" ind1=" " ind2=" ">
      <marc:subfield code="a">ohne Hilfsmittel zu benutzen</marc:subfield>
      <marc:subfield code="b">n</marc:subfield>
      <marc:subfield code="2">rdamedia</marc:subfield>
    </marc:datafield>
    <marc:datafield tag="338" ind1=" " ind2=" ">
      <marc:subfield code="a">Band</marc:subfield>
      <marc:subfield code="b">nc</marc:subfield>
      <marc:subfield code="2">rdacarrier</marc:subfield>
    </marc:datafield>
    <marc:datafield tag="490" ind1="1" ind2=" ">
      <marc:subfield code="a">Forschung und Praxis der Sexualaufklärung und Familienplanung</marc:subfield>
      <marc:subfield code="v">11</marc:subfield>
    </marc:datafield>
    <marc:datafield tag="500" ind1=" " ind2=" ">
      <marc:subfield code="a">Literaturverz. S. 86 - 89</marc:subfield>
    </marc:datafield>
    <marc:datafield tag="650" ind1=" " ind2="2">
      <marc:subfield code="a">Shame</marc:subfield>
    </marc:datafield>
    <marc:datafield tag="650" ind1=" " ind2="2">
      <marc:subfield code="a">Sex Education</marc:subfield>
    </marc:datafield>
    <marc:datafield tag="650" ind1=" " ind2="2">
      <marc:subfield code="a">Child</marc:subfield>
    </marc:datafield>
    <marc:datafield tag="689" ind1="0" ind2="0">
      <marc:subfield code="D">s</marc:subfield>
      <marc:subfield code="0">(DE-588)4031575-7</marc:subfield>
      <marc:subfield code="0">(DE-627)106264915</marc:subfield>
      <marc:subfield code="0">(DE-576)208993282</marc:subfield>
      <marc:subfield code="a">Körper</marc:subfield>
      <marc:subfield code="2">gnd</marc:subfield>
    </marc:datafield>
    <marc:datafield tag="689" ind1="0" ind2="1">
      <marc:subfield code="D">s</marc:subfield>
      <marc:subfield code="0">(DE-588)4122343-3</marc:subfield>
      <marc:subfield code="0">(DE-627)105763160</marc:subfield>
      <marc:subfield code="0">(DE-576)209550589</marc:subfield>
      <marc:subfield code="a">Scham</marc:subfield>
      <marc:subfield code="2">gnd</marc:subfield>
    </marc:datafield>
    <marc:datafield tag="689" ind1="0" ind2="2">
      <marc:subfield code="D">s</marc:subfield>
      <marc:subfield code="0">(DE-588)4016409-3</marc:subfield>
      <marc:subfield code="0">(DE-627)106333321</marc:subfield>
      <marc:subfield code="0">(DE-576)208915834</marc:subfield>
      <marc:subfield code="a">Familienerziehung</marc:subfield>
      <marc:subfield code="2">gnd</marc:subfield>
    </marc:datafield>
    <marc:datafield tag="689" ind1="0" ind2="3">
      <marc:subfield code="D">s</marc:subfield>
      <marc:subfield code="0">(DE-588)4054679-2</marc:subfield>
      <marc:subfield code="0">(DE-627)10616161X</marc:subfield>
      <marc:subfield code="0">(DE-576)209110015</marc:subfield>
      <marc:subfield code="a">Sexualerziehung</marc:subfield>
      <marc:subfield code="2">gnd</marc:subfield>
    </marc:datafield>
    <marc:datafield tag="689" ind1="0" ind2=" ">
      <marc:subfield code="5">DE-101</marc:subfield>
    </marc:datafield>
    <marc:datafield tag="700" ind1="1" ind2=" ">
      <marc:subfield code="a">Rank, Alexandra</marc:subfield>
      <marc:subfield code="4">oth</marc:subfield>
    </marc:datafield>
    <marc:datafield tag="710" ind1="2" ind2=" ">
      <marc:subfield code="a">Bundeszentrale für Gesundheitliche Aufklärung</marc:subfield>
      <marc:subfield code="0">(DE-588)2006655-7</marc:subfield>
      <marc:subfield code="0">(DE-627)101561768</marc:subfield>
      <marc:subfield code="0">(DE-576)191620173</marc:subfield>
      <marc:subfield code="4">oth</marc:subfield>
    </marc:datafield>
    <marc:datafield tag="710" ind1="2" ind2=" ">
      <marc:subfield code="a">Bundeszentrale für Gesundheitliche Aufklärung</marc:subfield>
      <marc:subfield code="0">(DE-588)2006655-7</marc:subfield>
      <marc:subfield code="0">(DE-627)101561768</marc:subfield>
      <marc:subfield code="0">(DE-576)191620173</marc:subfield>
      <marc:subfield code="4">oth</marc:subfield>
    </marc:datafield>
    <marc:datafield tag="830" ind1=" " ind2="0">
      <marc:subfield code="a">Forschung und Praxis der Sexualaufklärung und Familienplanung</marc:subfield>
      <marc:subfield code="v">11</marc:subfield>
      <marc:subfield code="9">1100</marc:subfield>
      <marc:subfield code="w">(DE-627)478280998</marc:subfield>
      <marc:subfield code="w">(DE-576)049531107</marc:subfield>
      <marc:subfield code="w">(DE-600)2175963-7</marc:subfield>
      <marc:subfield code="x">0948-6720</marc:subfield>
    </marc:datafield>
    <marc:datafield tag="856" ind1="4" ind2="2">
      <marc:subfield code="u">http://www.gbv.de/dms/hbz/toc/ht008888856.pdf</marc:subfield>
      <marc:subfield code="m">V:DE-605</marc:subfield>
      <marc:subfield code="q">pdf/application</marc:subfield>
      <marc:subfield code="v">2008-11-15</marc:subfield>
      <marc:subfield code="x">Verlag</marc:subfield>
      <marc:subfield code="y">Inhaltsverzeichnis</marc:subfield>
      <marc:subfield code="3">Inhaltsverzeichnis</marc:subfield>
    </marc:datafield>
    <marc:datafield tag="856" ind1="4" ind2="2">
      <marc:subfield code="u">http://ecx.images-amazon.com/images/I/41WKlSB6dLL._SL500_AA300_.jpg</marc:subfield>
      <marc:subfield code="x">Verlag</marc:subfield>
      <marc:subfield code="y">Cover</marc:subfield>
      <marc:subfield code="3">Cover</marc:subfield>
    </marc:datafield>
    <marc:datafield tag="889" ind1=" " ind2=" ">
      <marc:subfield code="w">(DE-627)27843195X</marc:subfield>
    </marc:datafield>
    <marc:datafield tag="924" ind1=" " ind2=" ">
      <marc:subfield code="a">gbv_244161844</marc:subfield>
      <marc:subfield code="b">DE-517</marc:subfield>
      <marc:subfield code="c">KOBV</marc:subfield>
      <marc:subfield code="d">c</marc:subfield>
      <marc:subfield code="c">KOBV</marc:subfield>
    </marc:datafield>
    <marc:datafield tag="924" ind1=" " ind2=" ">
      <marc:subfield code="a">gbv_244161844</marc:subfield>
      <marc:subfield code="b">DE-1</marc:subfield>
      <marc:subfield code="c">KOBV</marc:subfield>
      <marc:subfield code="d">c</marc:subfield>
      <marc:subfield code="c">KOBV</marc:subfield>
    </marc:datafield>
    <marc:datafield tag="936" ind1="b" ind2="k">
      <marc:subfield code="a">77.55</marc:subfield>
      <marc:subfield code="j">Kinderpsychologie</marc:subfield>
      <marc:subfield code="0">(DE-627)10641318X</marc:subfield>
    </marc:datafield>
    <marc:datafield tag="936" ind1="b" ind2="k">
      <marc:subfield code="a">80.47</marc:subfield>
      <marc:subfield code="j">Sexualerziehung</marc:subfield>
      <marc:subfield code="0">(DE-627)106422677</marc:subfield>
    </marc:datafield>
    <marc:datafield tag="936" ind1="b" ind2="k">
      <marc:subfield code="a">80.02</marc:subfield>
      <marc:subfield code="j">Philosophie und Theorie der Pädagogik</marc:subfield>
      <marc:subfield code="0">(DE-627)106414437</marc:subfield>
    </marc:datafield>
    <marc:datafield tag="936" ind1="b" ind2="k">
      <marc:subfield code="a">71.25</marc:subfield>
      <marc:subfield code="j">Sexualität</marc:subfield>
      <marc:subfield code="x">Soziologie</marc:subfield>
      <marc:subfield code="0">(DE-627)106409050</marc:subfield>
    </marc:datafield>
    <marc:datafield tag="951" ind1=" " ind2=" ">
      <marc:subfield code="a">BO</marc:subfield>
    </marc:datafield>
  </marc:record>
</marc:collection>
